000 00386 a2200157 4500
001 72425
020 _a
040 _cAnchieta - Colégio São Paulo
100 _aVíveros, Lílian Cristina
240 1 0 _aA volta ao mundo em oitenta dias
_lpor
245 1 0 _aA volta ao mundo em oitenta dias
300 _a36
362 0 _a1988
650 4 _aLiteratura infanto-juvenil
942 _cBK
999 _c72425
_d72425